000 00493nam a2200181 a 4500
005 20140414132120.0
008 121022s19uu xx 00 eng d
020 _a813673097
050 _aBB
_bLi784 1993
100 _aHolloway, Judith
245 _aLiving things:
_bconcept science.
260 _aCleveland,Ohio :
_bModern Curriculum Press,
_c1993.
300 _a17
650 _aLiving things-animals.
700 _aClive Harper
700 _aStan Chan (illustrator)
999 _c115039
_d115039